000 00730nam a22002535a 4500
001 7481490
005 20201124142739.0
008 821207t2004 ii a|||fr|||||||0 ||eng|d
010 _a 59004649
020 _a8171418848
040 _aEG-ScBuE
_ceng
_dEG-ScBuE
050 0 0 _aTK9001
_b.N73
082 0 4 _222
_a621.48
_bJHA
245 1 0 _aNuclear energy /
_cby D. K. Jha.
260 _aNew Delhi :
_bDiscovery Publishing House,
_c2004.
300 _a193 p.:
_bill. ;
_c25 cm.
490 _aDPH physics series
590 _ayassmeen ashraf
650 0 _aNuclear engineering
_2BUEsh
651 _2BUEsh
653 _bENGELC
_cAugust2015
710 2 _aCombustion Engineering Association. [from old catalog]
942 _2ddc
_cBB
999 _c10679
_d10679